HR Gold 2010: dvanásty ročník súťaže

HR Gold, slovenská cena za riadenie a rozvoj ľudských zdrojov. Najvýraznejšia osobnosť v oblasti rozvoja personálneho manažmentu na Slovensku. Projekty v danej oblasti a inovatívne riešenia podnikových problémov.

Salvato in:
Dettagli Bibliografici
Autore principale: Hudáková, Anna
Altri autori: Burger, Ivan
Natura: Capitolo di libro
Lingua:slovacco
Soggetti:
Tags: Aggiungi Tag
Nessun Tag, puoi essere il primo ad aggiungerne!!

MARC

LEADER 00000naa a2200000 4500
001 0124105
005 20231116120908.0
041 0 |a slo 
044 |a SK 
245 1 0 |a HR Gold 2010: dvanásty ročník súťaže  |c Anna Hudáková, Ivan Burger 
520 |a HR Gold, slovenská cena za riadenie a rozvoj ľudských zdrojov. Najvýraznejšia osobnosť v oblasti rozvoja personálneho manažmentu na Slovensku. Projekty v danej oblasti a inovatívne riešenia podnikových problémov. 
610 2 0 |a manažment personálny 
610 2 0 |a riadenie ľudských zdrojov 
610 2 0 |a riadenie projektové 
610 2 0 |a riadenie vrcholové 
610 2 0 |a manažéri 
610 2 0 |a osobnosť 
610 2 0 |a súťaže 
100 1 |a Hudáková, Anna 
700 1 |a Burger, Ivan